<?xml version="1.0" encoding="UTF-8"?>
<record
    xmlns:xsi="http://www.w3.org/2001/XMLSchema-instance"
    xsi:schemaLocation="http://www.loc.gov/MARC21/slim http://www.loc.gov/standards/marcxml/schema/MARC21slim.xsd"
    xmlns="http://www.loc.gov/MARC21/slim">

  <leader>01550nam a2200241Ia 4500</leader>
  <controlfield tag="003">Ost</controlfield>
  <controlfield tag="005">20260507075804.0</controlfield>
  <controlfield tag="008">260507s9999||||xx |||||||||||||| ||und||</controlfield>
  <datafield tag="020" ind1=" " ind2=" ">
    <subfield code="a">9772230313</subfield>
  </datafield>
  <datafield tag="040" ind1=" " ind2=" ">
    <subfield code="c">fsecg</subfield>
  </datafield>
  <datafield tag="041" ind1=" " ind2=" ">
    <subfield code="a">ara</subfield>
  </datafield>
  <datafield tag="082" ind1=" " ind2=" ">
    <subfield code="a">332.3</subfield>
  </datafield>
  <datafield tag="100" ind1=" " ind2=" ">
    <subfield code="a">&#x627;&#x644;&#x645;&#x646;&#x635;&#x648;&#x631;&#x64A;;&#x639;&#x632;&#x60C; &#x639;&#x627;&#x62F;&#x644; &#x639;&#x628;&#x62F; &#x627;&#x644;&#x62D;&#x645;&#x64A;&#x62F; ;&#x639;&#x645;&#x627;&#x631;&#x60C; &#x645;&#x646;&#x649; &#x645;&#x62D;&#x645;&#x62F; &#x623;&#x62D;&#x645;&#x62F; ;&#x639;&#x628;&#x62F; &#x627;&#x644;&#x628;&#x627;&#x631;&#x64A;&#x60C; &#x645;&#x62D;&#x645;&#x62F; &#x648;&#x62D;&#x64A;&#x62F;&#x60C; &#x645;&#x62D;&#x645;&#x62F; &#x62A;&#x648;&#x641;&#x64A;&#x642;</subfield>
    <subfield code="e">&#x645;&#x624;&#x644;&#x641;</subfield>
  </datafield>
  <datafield tag="245" ind1=" " ind2="0">
    <subfield code="a">&#x623;&#x633;&#x627;&#x633;&#x64A;&#x627;&#x62A; &#x627;&#x644;&#x631;&#x64A;&#x627;&#x636;&#x629; &#x644;&#x644;&#x62A;&#x62C;&#x627;&#x631;&#x64A;&#x64A;&#x646; (&#x643;1) (&#x62C;2) /</subfield>
    <subfield code="c"> &#x627;&#x644;&#x645;&#x646;&#x635;&#x648;&#x631;&#x64A; </subfield>
  </datafield>
  <datafield tag="260" ind1=" " ind2=" ">
    <subfield code="a">&#x627;&#x644;&#x642;&#x627;&#x647;&#x631;&#x629; : </subfield>
    <subfield code="b">&#x643;&#x644;&#x64A;&#x629; &#x627;&#x644;&#x62A;&#x62C;&#x627;&#x631;&#x629;, </subfield>
    <subfield code="c">(&#x62F;.&#x62A;)</subfield>
  </datafield>
  <datafield tag="300" ind1=" " ind2=" ">
    <subfield code="a">301  &#x635;&#x641;&#x62D;&#x629;&#x61B; </subfield>
    <subfield code="b">&#x625;&#x64A;&#x636;&#x627;&#x62D;&#x627;&#x62A; &#x61B;</subfield>
    <subfield code="c">24 &#x633;&#x645;</subfield>
  </datafield>
  <datafield tag="504" ind1=" " ind2=" ">
    <subfield code="a">&#x645;&#x644;&#x627;&#x62D;&#x642; 284&#x635;. </subfield>
  </datafield>
  <datafield tag="520" ind1=" " ind2=" ">
    <subfield code="a">&#x627;&#x644;&#x641;&#x627;&#x626;&#x62F;&#x629; &#x627;&#x644;&#x628;&#x633;&#x64A;&#x637;&#x629; &#x648; &#x627;&#x644;&#x62C;&#x645;&#x644;&#x629; &#x60C; &#x627;&#x644;&#x62E;&#x635;&#x645; &#x648; &#x627;&#x644;&#x642;&#x64A;&#x645;&#x629; &#x627;&#x644;&#x62D;&#x627;&#x644;&#x64A;&#x629; &#x60C; &#x62A;&#x633;&#x648;&#x64A;&#x629; &#x627;&#x644;&#x62F;&#x64A;&#x648;&#x646; &#x642;&#x635;&#x64A;&#x631;&#x629; &#x627;&#x644;&#x623;&#x62C;&#x644; &#x60C; &#x627;&#x644;&#x642;&#x631;&#x648;&#x636; &#x642;&#x635;&#x64A;&#x631;&#x629; &#x627;&#x644;&#x627;&#x62C;&#x644; &#x648; &#x637;&#x631;&#x642; &#x633;&#x62F;&#x627;&#x62F;&#x647;&#x627; &#x60C; &#x62D;&#x633;&#x627;&#x628;&#x627;&#x62A; &#x627;&#x644;&#x62A;&#x648;&#x641;&#x64A;&#x631; &#x60C; &#x627;&#x644;&#x62C;&#x645;&#x644;&#x629; &#x628;&#x627;&#x644;&#x641;&#x627;&#x626;&#x62F;&#x629; &#x627;&#x644;&#x645;&#x631;&#x643;&#x628;&#x629; &#x60C; &#x627;&#x644;&#x642;&#x64A;&#x645;&#x629; &#x627;&#x644;&#x62D;&#x627;&#x644;&#x64A;&#x629; &#x648; &#x627;&#x644;&#x62E;&#x635;&#x645; &#x60C; &#x62A;&#x633;&#x648;&#x64A;&#x629; &#x627;&#x644;&#x62F;&#x64A;&#x648;&#x646; &#x60C; &#x627;&#x644;&#x642;&#x64A;&#x645;&#x629; &#x627;&#x644;&#x62D;&#x627;&#x644;&#x64A;&#x629; &#x644;&#x644;&#x62F;&#x641;&#x639;&#x627;&#x62A; &#x627;&#x644;&#x62F;&#x627;&#x626;&#x645;&#x629; &#x60C; &#x627;&#x644;&#x642;&#x64A;&#x645;&#x629; &#x627;&#x644;&#x62D;&#x627;&#x644;&#x64A;&#x629; &#x644;&#x644;&#x62F;&#x641;&#x639;&#x627;&#x62A; &#x627;&#x644;&#x645;&#x624;&#x642;&#x62A;&#x629; &#x60C;&#x627;&#x644;&#x62A;&#x643;&#x644;&#x641;&#x629; &#x627;&#x644;&#x631;&#x623;&#x633;&#x645;&#x627;&#x644;&#x64A;&#x629; &#x60C; &#x633;&#x62F;&#x627;&#x62F; &#x627;&#x644;&#x642;&#x631;&#x648;&#x636; &#x639;&#x644;&#x649; &#x623;&#x642;&#x633;&#x627;&#x637; &#x645;&#x62A;&#x633;&#x627;&#x648;&#x64A;&#x629; &#x60C; &#x633;&#x62F;&#x627;&#x62F; &#x627;&#x644;&#x642;&#x631;&#x648;&#x636; &#x639;&#x644;&#x649; &#x623;&#x642;&#x633;&#x627;&#x637; &#x645;&#x62A;&#x633;&#x627;&#x648;&#x64A;&#x629; &#x62E;&#x644;&#x627;&#x644; &#x641;&#x62A;&#x631;&#x627;&#x62A; &#x627;&#x644;&#x642;&#x631;&#x636; &#x60C; &#x62A;&#x642;&#x64A;&#x64A;&#x645; &#x627;&#x644;&#x633;&#x646;&#x62F;&#x627;&#x62A; &#x60C; &#x633;&#x62F;&#x627;&#x62F; &#x627;&#x644;&#x642;&#x631;&#x648;&#x636; &#x627;&#x644;&#x633;&#x646;&#x648;&#x64A;&#x629;.   </subfield>
  </datafield>
  <datafield tag="653" ind1=" " ind2=" ">
    <subfield code="a">&#x627;&#x644;&#x62F;&#x64A;&#x648;&#x646;</subfield>
  </datafield>
  <datafield tag="653" ind1=" " ind2=" ">
    <subfield code="a">&#x627;&#x644;&#x633;&#x646;&#x62F;&#x627;&#x62A;</subfield>
  </datafield>
  <datafield tag="653" ind1=" " ind2=" ">
    <subfield code="a">&#x627;&#x644;&#x642;&#x631;&#x648;&#x636;</subfield>
  </datafield>
  <datafield tag="942" ind1=" " ind2=" ">
    <subfield code="c">&#x643;&#x62A;&#x627;&#x628;</subfield>
  </datafield>
  <datafield tag="952" ind1=" " ind2=" ">
    <subfield code="0">0</subfield>
    <subfield code="1">0</subfield>
    <subfield code="2">lcc</subfield>
    <subfield code="4">0</subfield>
    <subfield code="7">-1</subfield>
    <subfield code="a">fsecg</subfield>
    <subfield code="b">fsecg</subfield>
    <subfield code="d">2026-05-07</subfield>
    <subfield code="h">&#x627;&#x644;&#x637;&#x627;&#x628;&#x642; &#x627;&#x644;&#x623;&#x631;&#x636;&#x64A;</subfield>
    <subfield code="i">1649/1/2/1</subfield>
    <subfield code="l">0</subfield>
    <subfield code="o">1649&#x643;1&#x62C;2&#x646;1</subfield>
    <subfield code="p">1649/1/2/1</subfield>
    <subfield code="r">2026-05-07 07:58:04</subfield>
    <subfield code="w">2026-05-07</subfield>
    <subfield code="y">&#x643;&#x62A;&#x627;&#x628;</subfield>
  </datafield>
  <datafield tag="999" ind1=" " ind2=" ">
    <subfield code="c">46357</subfield>
    <subfield code="d">46357</subfield>
  </datafield>
</record>
